000 01003cam a22002654a 4500
001 ENG-90785
005 20080417160226.0
008 080828t xxu||||| |||| 00| 0 eng d
010 _aENG-90785
020 _a9788172734312
_c575.00
035 _aEN-74318
037 _bDBAD / PUB
040 _aDPL
082 _a338.954
100 _aArora, Charu
245 _aIndian economy and reforms:
_bstrictly on the basis prescribed syllabus with modern trends /
_cby Charu Arora
260 _aDelhi :
_bAuthorspress,
_c2008.
270 _aE-35/103, Jawahar Park, Laxmi Nagar,
_bDelhi
_e110092
300 _axvi, 219p.
_c22 cm (Hb)
500 _aIncludes bibliographical references and index.
651 _aIndia
_xEconomic policy
_y1991-
651 _aIndia
_xEconomic conditions
_y1947-
942 _2ddc
_cEN
_mARO
_h338.954
999 _c15169
_d15169